[Event "40th Olympiad Open"]
[Site "Istanbul TUR"]
[Date "2012.09.09"]
[Round "11.23"]
[Board "4"]
[White "Atabayev, Yusup"]
[Black "Valdes Escobar, Alvaro"]
[Result "0-1"]
[WhiteTitle "FM"]
[BlackTitle "IM"]
[WhiteElo "2411"]
[BlackElo "2402"]
[WhiteTeam "Turkmenistan"]
[BlackTeam "Chile"]
[WhiteFideId "14001128"]
[BlackFideId "3405451"]
[EventDate "2012.08.28"]

1. e4 c5 2. Nf3 d6 3. d4 cxd4 4. Nxd4 Nf6 5. Nc3 Nc6 6. Bg5 e6 7. Qd2 a6 8.
O-O-O Be7 9. f4 Nxd4 10. Qxd4 b5 11. Be2 Bb7 12. Bf3 Qc7 13. e5 dxe5 14. fxe5
Nd5 15. Bxe7 Nxe7 16. Qd6 Rc8 17. Qxc7 Rxc7 18. Bxb7 Rxb7 19. Ne4 O-O 20. Nc5
Ra7 21. Rd6 a5 22. Rhd1 Nd5 23. Nd7 Re8 24. Nb6 Nxb6 25. Rxb6 b4 26. Rb5 h5 27.
Rc5 Kh7 28. Rd4 Kg6 29. Kd2 Ree7 30. Rdc4 Red7+ 31. Ke2 Kf5 32. Kf3 g5 33. h3 h4
34. Ke3 Rd5 35. Rxd5 exd5 36. Rc8 Kxe5 37. Re8+ Kf6 38. Kd4 Rc7 39. Re2 Kf5 40.
Kxd5 Kf4 41. Kd4 Kg3 42. c4 bxc3 43. bxc3 f5 44. c4 f4 45. c5 f3 46. gxf3 Kxh3
47. Re4 Kg3 48. Rg4+ Kxf3 49. Rxg5 Rh7 50. Rf5+ Ke2 51. Re5+ Kd2 52. Rg5 h3 53.
Rg1 Ke2 54. c6 Kf2 55. Rh1 Kg2 56. Rc1 h2 57. Kc5 h1=Q 58. Rxh1 Rxh1 59. c7 Rc1+
60. Kb6 a4 61. Kb7 Kf3 62. c8=Q Rxc8 63. Kxc8 Ke4 64. Kc7 Kd3 65. Kb6 Kc3 66.
Kc5 a3 0-1

[Event "40th Olympiad Open"]
[Site "Istanbul TUR"]
[Date "2012.09.09"]
[Round "11.24"]
[Board "1"]
[White "Firat, Burak"]
[Black "Ragger, Markus"]
[Result "0-1"]
[WhiteTitle "IM"]
[BlackTitle "GM"]
[WhiteElo "2423"]
[BlackElo "2670"]
[WhiteTeam "Turkey 2016"]
[BlackTeam "Austria"]
[WhiteFideId "6305881"]
[BlackFideId "1610856"]
[EventDate "2012.08.28"]

1. e4 e5 2. Nf3 Nc6 3. Bb5 a6 4. Ba4 Nf6 5. O-O Be7 6. Re1 b5 7. Bb3 d6 8. c3
O-O 9. d4 Bg4 10. Be3 exd4 11. cxd4 Na5 12. Bc2 c5 13. dxc5 Nc4 14. cxd6 Bxd6
15. Nbd2 Qc7 16. Nxc4 Bxh2+ 17. Kh1 bxc4 18. g3 Bxg3 19. fxg3 Qxg3 20. Rf1 Rfe8
21. Qe2 Nxe4 22. Qg2 Bh3 23. Qh2 Bxf1 24. Rxf1 Qxh2+ 25. Kxh2 Nf6 26. Bd2 Rab8
27. b3 c3 28. Bf4 Rb4 29. Bd6 Rb6 30. Bc7 Rb7 0-1

[Event "40th Olympiad Open"]
[Site "Istanbul TUR"]
[Date "2012.09.09"]
[Round "11.24"]
[Board "4"]
[White "Novkovic, Milan"]
[Black "Emiroglu, Cankut"]
[Result "1/2-1/2"]
[WhiteTitle "IM"]
[BlackTitle "CM"]
[WhiteElo "2400"]
[BlackElo "2299"]
[WhiteTeam "Austria"]
[BlackTeam "Turkey 2016"]
[WhiteFideId "1613103"]
[BlackFideId "6306659"]
[EventDate "2012.08.28"]

1. d4 Nf6 2. c4 e6 3. Nc3 Bb4 4. Qc2 c5 5. dxc5 Bxc5 6. Nf3 Nc6 7. Bg5 Be7 8. e4
d6 9. Be2 a6 10. O-O Qc7 11. Nd5 exd5 12. cxd5 O-O 13. Rac1 Bd7 14. dxc6 bxc6
15. Rfd1 Rfe8 16. Nd2 a5 17. Bf3 Rad8 18. Bf4 Bf8 19. Nc4 Be6 20. e5 d5 21. Nxa5
Qxa5 22. exf6 gxf6 23. Bd2 Qxa2 24. Ra1 Qc4 25. Qxc4 dxc4 26. Bxc6 Bg4 27. Bxe8
Bxd1 28. Bc3 Bb3 29. Bc6 Kg7 30. g4 Bc5 31. Ra5 Rd1+ 32. Kg2 Bd4 33. Rd5 Bxc3
34. Rxd1 Bxb2 35. Re1 c3 36. Be4 Bd5 37. Bxd5 c2 38. Be4 c1=Q 39. Rxc1 Bxc1 40.
Bf5 h6 41. Kf3 Kf8 42. Ke4 Bg5 43. h3 Bh4 44. f3 Ke7 45. Bc8 Kf8 46. Bb7 Ke7 47.
Kf5 Bg5 48. Ba6 Bh4 49. Bc4 Bg5 50. Bb3 Bh4 51. Ke4 Bg5 52. f4 Bh4 53. Kf3 Kf8
54. Ba4 Ke7 55. Bd1 Kf8 56. Be2 Ke7 57. Bd3 Kf8 58. Ke4 Ke7 59. Kf5 Kf8 60. Bc4
Ke7 61. Bb3 Kf8 62. Ke4 Ke7 63. Kd5 Bg3 64. Ke4 Bh4 1/2-1/2

[Event "40th Olympiad Open"]
[Site "Istanbul TUR"]
[Date "2012.09.09"]
[Round "11.25"]
[Board "2"]
[White "Darini, Pouria"]
[Black "Gonzalez Zamora, Juan Carlos"]
[Result "1/2-1/2"]
[WhiteTitle "IM"]
[BlackTitle "GM"]
[WhiteElo "2503"]
[BlackElo "2553"]
[WhiteTeam "Iran"]
[BlackTeam "Mexico"]
[WhiteFideId "12502200"]
[BlackFideId "3507548"]
[EventDate "2012.08.28"]

1. e4 c5 2. Nf3 e6 3. d4 cxd4 4. Nxd4 a6 5. Be2 Nf6 6. Nc3 Qc7 7. O-O d6 8. f4
Nbd7 9. Bf3 g6 10. Be3 Bg7 11. Ndb5 axb5 12. Nxb5 Qb8 13. Nxd6+ Kf8 14. Qd2 Ne8
15. Nxc8 Qxc8 16. e5 Kg8 17. Rfd1 Nb8 18. Qd8 Nc6 19. Qxc8 Rxc8 20. Rd7 Nc7 21.
Rad1 Bf8 22. c3 h5 23. b4 Nb5 24. R1d3 Ne7 25. Bd2 Nd5 26. Bxd5 exd5 27. Rxb7
Na3 28. Rxd5 Nb1 29. a4 Nxc3 30. Bxc3 Rxc3 31. Rdd7 h4 32. h3 Rh5 33. Rxf7 Rf5
34. Rxf5 gxf5 35. a5 Ra3 36. Rb6 Ra4 37. Rg6+ Kf7 38. Rf6+ Ke8 39. Rxf5 Bxb4 40.
Kf1 Bd2 41. Rh5 Rxf4+ 42. Ke2 Bxa5 43. Rg5 Ra4 44. g3 Ra2+ 45. Kf3 Ra3+ 46. Kg2
Bd2 47. Rg4 hxg3 48. Rxg3 Ra2 49. Kf3 Ke7 50. Ke4 Ra4+ 51. Kd5 Ra5+ 52. Ke4 Bh6
53. Rg6 Ra4+ 54. Kd5 Bf8 55. Rc6 Kd7 56. Rb6 Be7 57. Rb7+ Ke8 58. Rb3 Ra5+ 59.
Ke6 Ra6+ 60. Kd5 Bd8 61. Rg3 Kd7 62. Rg7+ Be7 63. Rh7 Ra5+ 64. Ke4 Ke8 65. Rh8+
Kf7 66. Rh7+ Kf8 67. Kf5 Ra4 68. Rh8+ Kg7 69. Re8 Bh4 70. Rc8 Bg3 71. Rc3 Bh4
72. Rc7+ Kf8 73. Rc8+ Ke7 74. Rc7+ Ke8 75. Rg7 1/2-1/2

[Event "40th Olympiad Open"]
[Site "Istanbul TUR"]
[Date "2012.09.09"]
[Round "11.28"]
[Board "1"]
[White "Sambuev, Bator"]
[Black "Dervishi, Erald"]
[Result "0-1"]
[WhiteTitle "GM"]
[BlackTitle "GM"]
[WhiteElo "2523"]
[BlackElo "2538"]
[WhiteTeam "Canada"]
[BlackTeam "Albania"]
[WhiteFideId "4128290"]
[BlackFideId "4700236"]
[EventDate "2012.08.28"]

1. Nf3 Nf6 2. c4 e6 3. g3 d5 4. Bg2 Be7 5. O-O O-O 6. b3 c5 7. e3 Nc6 8. Bb2 Qc7
9. Nc3 Rd8 10. Qe2 b6 11. Rac1 dxc4 12. bxc4 Bb7 13. Rfd1 Rac8 14. d4 cxd4 15.
exd4 Ba6 16. Nb5 Qb8 17. a4 Bb7 18. d5 exd5 19. Ne5 Na5 20. Bh3 dxc4 21. Nd7
Nxd7 22. Qxe7 Nc6 23. Qe3 Nce5 24. Bxe5 Nxe5 25. Bxc8 Rxc8 26. Nd6 Nf3+ 27. Kf1
Nxh2+ 28. Ke1 Rf8 29. Qe7 Bf3 30. Rd4 Bh5 31. Rd5 Qa8 32. Nb7 Re8 33. Qxe8+
Qxe8+ 34. Kd2 Qe2+ 35. Kc3 h6 36. Nd6 Bg6 37. Rd2 Qe5+ 0-1

[Event "40th Olympiad Open"]
[Site "Istanbul TUR"]
[Date "2012.09.09"]
[Round "11.29"]
[Board "2"]
[White "Ipatov, Alexander"]
[Black "Agopov, Mikael"]
[Result "1-0"]
[WhiteTitle "GM"]
[BlackTitle "IM"]
[WhiteElo "2577"]
[BlackElo "2429"]
[WhiteTeam "Turkey"]
[BlackTeam "Finland"]
[WhiteFideId "14116731"]
[BlackFideId "501840"]
[EventDate "2012.08.28"]

1. d4 Nf6 2. c4 g6 3. g3 Bg7 4. Bg2 d5 5. cxd5 Nxd5 6. Nf3 Nb6 7. Nc3 Nc6 8. e3
O-O 9. O-O Re8 10. Re1 a5 11. Qc2 a4 12. Rd1 Bf5 13. Qe2 Qc8 14. Bd2 e5 15. d5
Nd4 16. exd4 exd4 17. Qb5 dxc3 18. Bxc3 Bxc3 19. bxc3 Be4 20. c4 Qd7 21. Nd4
Bxg2 22. Kxg2 Qxb5 23. Nxb5 Re7 24. Rdc1 c6 25. d6 Re5 26. Nc7 Rd8 27. Rab1 Nd7
28. Rxb7 Nc5 29. Rb6 Re2 30. Rxc6 Nd3 31. Rd1 Nxf2 32. Kf3 Rxa2 33. Rd4 a3 34.
Ra6 f5 35. Ne6 Ng4 36. Rxg4 fxg4+ 37. Ke4 Rc8 38. d7 Rxc4+ 39. Kd3 1-0

[Event "40th Olympiad Open"]
[Site "Istanbul TUR"]
[Date "2012.09.09"]
[Round "11.29"]
[Board "3"]
[White "Sipila, Vilka"]
[Black "Yilmaz, Mustafa"]
[Result "0-1"]
[WhiteTitle "FM"]
[BlackTitle "IM"]
[WhiteElo "2431"]
[BlackElo "2543"]
[WhiteTeam "Finland"]
[BlackTeam "Turkey"]
[WhiteFideId "505455"]
[BlackFideId "6302718"]
[EventDate "2012.08.28"]

1. Nf3 d5 2. d4 Nf6 3. c4 c6 4. e3 Bf5 5. Nc3 e6 6. Bd3 Bg6 7. Bxg6 hxg6 8. Qd3
Nbd7 9. O-O Bb4 10. a3 Ba5 11. Rd1 Bxc3 12. bxc3 Ne4 13. Rb1 g5 14. Nd2 Qc7 15.
Nf1 g4 16. cxd5 cxd5 17. c4 Nb6 18. cxd5 Nc3 19. dxe6 fxe6 20. Rxb6 axb6 21. Rd2
Nd5 22. Qg6+ Qf7 23. Qxg4 Rc8 24. Bb2 O-O 25. e4 Nf6 26. Qe2 Qg6 27. f3 Nh5 28.
g3 Nf4 29. Qe3 Nh3+ 30. Kg2 Ng5 31. f4 Qxe4+ 32. Qxe4 Nxe4 33. Re2 Nd6 34. Kf3
Kf7 35. Ne3 Rfe8 36. d5 exd5 37. Be5 Nc4 38. Nxd5 Rc5 39. Nb4 Nxe5+ 40. fxe5
Rcxe5 41. Rb2 Re3+ 42. Kg4 Re2 43. Rb1 Re1 44. Rb2 R8e2 45. Rb3 Re3 46. Rb2 R1e2
47. Rb1 Rxh2 48. Nd5 Rd3 49. Nxb6 Rg2 50. Nc4 Rgxg3+ 51. Kf5 Rb3 52. Re1 Kg8 53.
Re8+ Kh7 54. Rb8 Rgc3 55. Nd6 Rc6 56. Ne4 Rb5+ 57. Kf4 Rc4 58. Re8 Ra5 59. Ke3
Rxa3+ 60. Kd2 Rc6 61. Re7 b5 62. Rb7 Rb3 63. Ng5+ Kg6 64. Nf7 Kf6 65. Nh8 g5 66.
Rf7+ Ke5 67. Rg7 Kf5 68. Rf7+ Rf6 69. Rg7 Rh3 70. Rg8 b4 71. Rb8 b3 72. Rb5+ Kg4
73. Rb4+ Rf4 74. Rb8 Rf2+ 75. Ke1 Rc2 76. Rb4+ Kh5 77. Nf7 Rh1# 0-1

[Event "40th Olympiad Open"]
[Site "Istanbul TUR"]
[Date "2012.09.09"]
[Round "11.29"]
[Board "4"]
[White "Can, Emre"]
[Black "Ebeling, Daniel"]
[Result "1-0"]
[WhiteTitle "GM"]
[BlackTitle "FM"]
[WhiteElo "2435"]
[BlackElo "2350"]
[WhiteTeam "Turkey"]
[BlackTeam "Finland"]
[WhiteFideId "6302181"]
[BlackFideId "505170"]
[EventDate "2012.08.28"]

1. d4 d5 2. c4 c6 3. Nf3 e6 4. Nbd2 Nf6 5. g3 Nbd7 6. Bg2 Bd6 7. O-O O-O 8. Qc2
Re8 9. Rd1 Qe7 10. e4 Nxe4 11. Nxe4 dxe4 12. Qxe4 e5 13. Bg5 Qf8 14. Qc2 h6 15.
Be3 exd4 16. Nxd4 Nf6 17. Nb3 Bg4 18. Rd4 Qe7 19. c5 Be5 20. Ra4 Qe6 21. Na5 Bf5
22. Qb3 Qxb3 23. axb3 Bxb2 24. R1a2 Bc1 25. Nxb7 Bxe3 26. fxe3 Rxe3 27. Nd6 Be6
28. Bxc6 Rb8 29. Rxa7 Rbxb3 30. Ra1 Rbc3 31. R7a5 Re2 32. Rd1 Nd5 33. Bb5 Rb2
34. Ra8+ Kh7 35. Bd3+ f5 36. Re8 Ne3 37. Rxe6 Nxd1 38. Bxf5+ g6 39. Bxg6+ Kg8
40. Nf5 Rb8 41. Re7 Rcb3 42. Bf7+ Kf8 43. Bxb3 Rxb3 44. c6 Rc3 45. c7 Ne3 46.
Rxe3 1-0

[Event "40th Olympiad Open"]
[Site "Istanbul TUR"]
[Date "2012.09.09"]
[Round "11.30"]
[Board "1"]
[White "Rodriguez Vila, Andres"]
[Black "Stefansson, Hannes"]
[Result "1-0"]
[WhiteTitle "GM"]
[BlackTitle "GM"]
[WhiteElo "2536"]
[BlackElo "2515"]
[WhiteTeam "Uruguay"]
[BlackTeam "Iceland"]
[WhiteFideId "3000010"]
[BlackFideId "2300087"]
[EventDate "2012.08.28"]

1. e4 e5 2. Nf3 Nc6 3. Bc4 Bc5 4. c3 Nf6 5. d3 a6 6. O-O d6 7. a4 Ba7 8. Be3 O-O
9. Nbd2 h6 10. a5 Ne7 11. Bxa7 Rxa7 12. Re1 Ng6 13. d4 Ra8 14. Qb3 c6 15. dxe5
dxe5 16. Qb4 Qc7 17. Nb3 Bg4 18. Nfd2 Rad8 19. Bf1 Ne8 20. Nc4 Nd6 21. Ne3 Bc8
22. Nc5 Nf4 23. Ra4 Ne6 24. Nd3 Bd7 25. Raa1 c5 26. Qb6 Qxb6 27. axb6 f6 28. Ra5
Nxe4 29. Nc4 Bc6 30. Ncxe5 fxe5 31. Nxe5 Nd2 32. Nxc6 bxc6 33. Rxe6 Nxf1 34.
Kxf1 Rd2 35. f3 Rxb2 36. Rxa6 Rb8 37. Ra5 Kf7 38. Re2 Rxe2 39. Kxe2 Rxb6 40.
Rxc5 Ke7 41. f4 Kd6 42. Rc4 Rb2+ 43. Kf3 Rc2 44. Rd4+ Ke6 45. f5+ Kxf5 46. Rc4
g5 47. h3 Ke5 48. Rxc6 h5 49. Rc5+ Kf6 50. g4 h4 51. Ke4 Re2+ 52. Kd3 Rf2 53.
Ke3 Rf1 54. Rf5+ 1-0

[Event "40th Olympiad Open"]
[Site "Istanbul TUR"]
[Date "2012.09.09"]
[Round "11.30"]
[Board "2"]
[White "Danielsen, Henrik"]
[Black "Crosa Coll, Martin"]
[Result "1-0"]
[WhiteTitle "GM"]
[BlackTitle "IM"]
[WhiteElo "2511"]
[BlackElo "2344"]
[WhiteTeam "Iceland"]
[BlackTeam "Uruguay"]
[WhiteFideId "1400185"]
[BlackFideId "3000524"]
[EventDate "2012.08.28"]

1. g3 g6 2. Bg2 Bg7 3. d4 d6 4. e4 c5 5. d5 e5 6. dxe6 fxe6 7. Nc3 Nc6 8. Nge2
a6 9. Bf4 Ne5 10. Bxe5 Bxe5 11. Qd2 Bg7 12. O-O-O Bf8 13. h4 Nh6 14. e5 Ng4 15.
Ne4 Nxe5 16. Nf4 Qe7 17. Qc3 Qc7 18. Bh3 d5 19. Ng5 Bh6 20. Rhe1 Bxg5 21. hxg5
d4 22. Rxd4 O-O 23. Rdd1 Nf7 24. Bxe6 Re8 25. Qf6 1-0

[Event "40th Olympiad Open"]
[Site "Istanbul TUR"]
[Date "2012.09.09"]
[Round "11.30"]
[Board "3"]
[White "Roselli Mailhe, Bernardo"]
[Black "Gretarsson, Hjorvar Steinn"]
[Result "1/2-1/2"]
[WhiteTitle "IM"]
[BlackTitle "IM"]
[WhiteElo "2420"]
[BlackElo "2506"]
[WhiteTeam "Uruguay"]
[BlackTeam "Iceland"]
[WhiteFideId "3000028"]
[BlackFideId "2302241"]
[EventDate "2012.08.28"]

1. d4 d5 2. c4 e6 3. Nc3 Bb4 4. Qa4+ Nc6 5. cxd5 exd5 6. Nf3 Bf5 7. a3 Bxc3+ 8.
bxc3 Ne7 9. c4 dxc4 10. Qxc4 O-O 11. e3 Qd6 12. Bd2 Rfb8 13. Bd3 b5 14. Qc2 Bxd3
15. Qxd3 b4 16. axb4 Nxb4 17. Qc4 c5 18. O-O cxd4 19. Nxd4 a5 20. g3 Rc8 21.
Bxb4 Qxb4 22. Qxb4 axb4 23. Rxa8 Rxa8 24. Rb1 Rb8 25. Kf1 Nd5 26. Rb2 g6 27. Ke2
f5 28. Kd3 Kf7 29. f3 Re8 30. e4 fxe4+ 31. fxe4 Nc3 32. Rxb4 Nxe4 33. Nf3 Nc5+
34. Kd2 h6 35. Rb6 1/2-1/2

[Event "40th Olympiad Open"]
[Site "Istanbul TUR"]
[Date "2012.09.09"]
[Round "11.30"]
[Board "4"]
[White "Thorhallsson, Throstur"]
[Black "Sanguinetti, Luis"]
[Result "1-0"]
[WhiteTitle "GM"]
[WhiteElo "2426"]
[BlackElo "2218"]
[WhiteTeam "Iceland"]
[BlackTeam "Uruguay"]
[WhiteFideId "2300109"]
[BlackFideId "3002608"]
[EventDate "2012.08.28"]

1. e4 c5 2. Nf3 Nc6 3. d4 cxd4 4. Nxd4 g6 5. Be2 Bg7 6. Nb3 Nf6 7. Nc3 O-O 8.
Bg5 d6 9. O-O a6 10. f4 b5 11. Bf3 Bb7 12. Kh1 Nd7 13. Qe2 b4 14. Nd5 f6 15. Bh4
e6 16. Ne3 g5 17. Bg3 gxf4 18. Bxf4 Nde5 19. Rad1 Qe7 20. Rd2 Rfd8 21. Rfd1 a5
22. Qf2 a4 23. Nc1 Ra5 24. Ne2 Rc5 25. Ng3 Bf8 26. Bg4 Qf7 27. Bh3 Re8 28. Qe2
Kh8 29. Rf1 Qg6 30. b3 Ra5 31. Qf2 Ba6 32. Rfd1 Na7 33. Nef5 Bb7 34. Nxd6 Bxd6
35. Rxd6 axb3 36. axb3 Bxe4 37. Bxe5 fxe5 38. Nxe4 1-0

[Event "40th Olympiad Open"]
[Site "Istanbul TUR"]
[Date "2012.09.09"]
[Round "11.31"]
[Board "1"]
[White "Al-Modiahki, Mohamad"]
[Black "Gundavaa, Bayarsaikhan"]
[Result "1/2-1/2"]
[WhiteTitle "GM"]
[BlackTitle "IM"]
[WhiteElo "2542"]
[BlackElo "2519"]
[WhiteTeam "Qatar"]
[BlackTeam "Mongolia"]
[WhiteFideId "12100030"]
[BlackFideId "4901045"]
[EventDate "2012.08.28"]

1. e4 c5 2. Nf3 g6 3. c4 Nc6 4. d4 cxd4 5. Nxd4 Nf6 6. Nc3 d6 7. Be2 Nxd4 8.
Qxd4 Bg7 9. Be3 O-O 10. Qd2 a5 11. f3 a4 12. Rc1 Qa5 13. Rc2 Bd7 14. O-O Bc6 15.
Nd5 Nxd5 16. cxd5 Qxd2 17. Rxd2 Bd7 18. Rc1 Rfc8 19. Rdc2 Rxc2 20. Rxc2 Rc8 21.
Rxc8+ Bxc8 22. Bb5 Bxb2 23. Bxa4 Kg7 24. Kf2 f5 25. h3 fxe4 26. fxe4 h6 27. Ke2
g5 28. Kd3 Kf6 29. Bd1 Bd7 30. a4 Ke5 1/2-1/2

[Event "40th Olympiad Open"]
[Site "Istanbul TUR"]
[Date "2012.09.09"]
[Round "11.31"]
[Board "2"]
[White "Sharavdorj, Dashzegve"]
[Black "Al-Sayed, Mohammed"]
[Result "1-0"]
[WhiteTitle "GM"]
[BlackTitle "GM"]
[WhiteElo "2446"]
[BlackElo "2517"]
[WhiteTeam "Mongolia"]
[BlackTeam "Qatar"]
[WhiteFideId "4900340"]
[BlackFideId "12100196"]
[EventDate "2012.08.28"]

1. d4 d5 2. c4 c6 3. Nf3 Nf6 4. Nc3 e6 5. Bg5 h6 6. Bxf6 Qxf6 7. e3 g6 8. Bd3
Bg7 9. O-O O-O 10. Rc1 Nd7 11. e4 e5 12. Nxe5 dxc4 13. Nxd7 Bxd7 14. Bxc4 Qxd4
15. Qxd4 Bxd4 16. Rfd1 Bxc3 17. Rxd7 Bxb2 18. Rc2 b5 19. Bb3 Bg7 20. Rxc6 a5 21.
Rcc7 Rac8 22. Bxf7+ Kh8 23. f4 Bd4+ 24. Kf1 Rxc7 25. Rxc7 g5 26. e5 1-0

[Event "40th Olympiad Open"]
[Site "Istanbul TUR"]
[Date "2012.09.09"]
[Round "11.31"]
[Board "3"]
[White "Nezad, Husein Aziz"]
[Black "Batchuluun, Tsegmed"]
[Result "0-1"]
[WhiteTitle "IM"]
[BlackTitle "GM"]
[WhiteElo "2393"]
[BlackElo "2493"]
[WhiteTeam "Qatar"]
[BlackTeam "Mongolia"]
[WhiteFideId "12100293"]
[BlackFideId "4900847"]
[EventDate "2012.08.28"]

1. d4 d5 2. c4 c6 3. Nc3 dxc4 4. e4 b5 5. a4 b4 6. Nb1 Ba6 7. Qc2 Qxd4 8. Nf3
Qd6 9. Nbd2 c3 10. bxc3 Bxf1 11. Kxf1 Qc5 12. c4 e6 13. e5 Qb6 14. Ne4 c5 15.
Be3 Nc6 16. a5 Nxa5 17. Qa4+ Nc6 18. Qb5 Rb8 19. Qa4 h5 20. Rd1 Nh6 21. Nd6+
Bxd6 22. exd6 O-O 23. Bxh6 gxh6 24. Qa1 b3 25. Qf6 b2 26. Nd2 Nd4 27. g4 Qxd6
28. Qxh6 Qe5 29. Re1 b1=Q 30. Nxb1 Rxb1 31. Rxb1 Qe2+ 32. Kg1 Qxg4+ 33. Kf1 Qh3+
34. Ke1 Qc3+ 35. Kf1 Qd3+ 0-1

[Event "40th Olympiad Open"]
[Site "Istanbul TUR"]
[Date "2012.09.09"]
[Round "11.31"]
[Board "4"]
[White "Munkhgal, Gombosuren"]
[Black "Al-Sulaiti, Ghanem"]
[Result "1/2-1/2"]
[WhiteTitle "FM"]
[BlackTitle "FM"]
[WhiteElo "2394"]
[BlackElo "2178"]
[WhiteTeam "Mongolia"]
[BlackTeam "Qatar"]
[WhiteFideId "4901266"]
[BlackFideId "12100358"]
[EventDate "2012.08.28"]

1. d4 d5 2. c4 e6 3. Nc3 Be7 4. cxd5 exd5 5. Bf4 c6 6. Qc2 g6 7. e3 Bf5 8. Qd2
Nf6 9. h3 O-O 10. g4 Be6 11. Bd3 Nbd7 12. Nf3 c5 13. Ng5 cxd4 14. exd4 Qb6 15.
Nxe6 Qxe6+ 16. Kf1 Bb4 17. Re1 Qc6 18. f3 Rac8 19. Rc1 Qb6 20. a3 Bd6 21. b4 a5
22. Bxd6 Qxd6 23. Kg2 axb4 24. Nb5 Qb6 25. Qxb4 Rc6 26. h4 Re8 27. Rce1 Rce6 28.
h5 Nf8 29. h6 Qd8 30. Rxe6 Nxe6 31. Kg3 Nh5+ 32. gxh5 Qg5+ 33. Kf2 Nf4 34. Bf1
Nxh5 35. Rxh5 Qxh5 36. Qd2 g5 37. Nc3 Re6 38. Nxd5 Qh4+ 39. Kg1 Rxh6 40. Bg2 Re6
41. Ne3 Qf4 42. Kf2 h5 43. d5 Rf6 44. Qb4 Qe5 45. Ke2 g4 46. fxg4 Qg3 47. Qe1
Qe5 48. gxh5 Qb2+ 49. Kd3 Rf2 50. Be4 Qxa3+ 51. Qc3 Qa6+ 52. Qc4 Qa3+ 53. Kd4
Qa7+ 54. Kd3 Qa3+ 55. Qc3 Qa6+ 56. Kd4 Qf6+ 57. Kd3 Qa6+ 58. Qc4 Qa3+ 1/2-1/2

[Event "40th Olympiad Open"]
[Site "Istanbul TUR"]
[Date "2012.09.09"]
[Round "11.32"]
[Board "1"]
[White "Elsness, Frode"]
[Black "Salem, A.R. Saleh"]
[Result "0-1"]
[WhiteTitle "IM"]
[BlackTitle "GM"]
[WhiteElo "2498"]
[BlackElo "2546"]
[WhiteTeam "Norway"]
[BlackTeam "United Arab Emirates"]
[WhiteFideId "1501100"]
[BlackFideId "9301348"]
[EventDate "2012.08.28"]

1. d4 Nf6 2. c4 g6 3. Nc3 d5 4. Qb3 dxc4 5. Qxc4 Bg7 6. e4 O-O 7. Nf3 a6 8. Be2
b5 9. Qb3 c5 10. dxc5 Bb7 11. e5 Nfd7 12. Be3 e6 13. O-O Qc7 14. Rad1 Nxc5 15.
Qb4 Nbd7 16. Rd2 Rfc8 17. Rc1 Bxf3 18. Bxf3 Nxe5 19. Bxc5 Nxf3+ 20. gxf3 a5 21.
Nxb5 axb4 22. Nxc7 Rxc7 23. Rdd1 Bxb2 24. Rb1 Rxc5 25. Rxb2 Ra3 26. Rxb4 Rxf3
27. Kg2 Ra3 28. Rd2 Rg5+ 29. Kh1 Rga5 30. Rbb2 Kg7 31. Kg2 Rg5+ 32. Kh1 Rga5 33.
Kg2 h5 34. h3 R5a4 35. Rdc2 g5 36. Rc5 Kg6 37. Rcc2 f6 38. Rd2 e5 39. Rdc2 Kf5
40. Re2 g4 41. hxg4+ Rxg4+ 42. Kh2 Rh4+ 43. Kg2 Rg4+ 44. Kh2 Kf4 45. Rb6 f5 46.
Rb3 Rxb3 47. axb3 e4 48. Re3 Ke5 49. b4 f4 50. Rb3 Kd4 51. b5 e3 52. fxe3+ fxe3
53. Rb4+ Kc5 54. Rb1 Rg6 55. Kh3 e2 56. Re1 Re6 57. b6 Kxb6 58. Kg3 h4+ 59. Kxh4
Kc5 60. Kg3 Kd4 61. Kf2 Kd3 62. Ra1 Rf6+ 63. Kg2 Ra6 64. Rxa6 e1=Q 65. Rd6+ Kc4
66. Rf6 Kd4 67. Rf4+ Ke3 68. Rf3+ Ke4 69. Rf2 Qe3 70. Kg1 Qg3+ 71. Kh1 Qh4+ 72.
Kg2 Qg4+ 73. Kh2 Ke3 74. Rf1 Ke2 75. Rg1 Qh4+ 76. Kg2 Qg5+ 77. Kh2 Qh6+ 78. Kg3
Qe3+ 79. Kh2 Kf2 80. Rf1+ Kxf1 0-1

[Event "40th Olympiad Open"]
[Site "Istanbul TUR"]
[Date "2012.09.09"]
[Round "11.32"]
[Board "2"]
[White "Omar, Noaman"]
[Black "Urkedal, Frode"]
[Result "0-1"]
[WhiteTitle "IM"]
[BlackTitle "IM"]
[WhiteElo "2322"]
[BlackElo "2473"]
[WhiteTeam "United Arab Emirates"]
[BlackTeam "Norway"]
[WhiteFideId "9300244"]
[BlackFideId "1506102"]
[EventDate "2012.08.28"]

1. d4 Nf6 2. c4 e6 3. Nf3 b6 4. g3 Bb7 5. Bg2 c5 6. d5 exd5 7. Nh4 g6 8. Nc3 Bg7
9. O-O d6 10. Bg5 Qd7 11. cxd5 h6 12. Bd2 O-O 13. Qc2 Na6 14. Rad1 Nb4 15. Qb1
Nbxd5 16. e4 Nxc3 17. Bxc3 Qe7 18. Rfe1 Rad8 19. b4 Nh5 20. Bd2 Rfe8 21. a4 Nf6
22. Bc3 Nh5 23. Bd2 c4 24. Qc2 Rc8 25. Bf3 c3 26. Bc1 Nf6 27. Ng2 Nxe4 28. Nf4
Ng5 29. Rxe7 Nxf3+ 30. Kf1 Nxh2+ 31. Kg1 Nf3+ 32. Kf1 Rxe7 33. Be3 Be4 34. Qb3
c2 35. Rc1 d5 36. Nxd5 Rd7 37. Nf4 Rc3 38. Qa2 Rd1+ 0-1

[Event "40th Olympiad Open"]
[Site "Istanbul TUR"]
[Date "2012.09.09"]
[Round "11.32"]
[Board "3"]
[White "Bae, Torstein"]
[Black "Faisal, Abdulla"]
[Result "1-0"]
[WhiteTitle "IM"]
[BlackTitle "CM"]
[WhiteElo "2420"]
[BlackElo "2245"]
[WhiteTeam "Norway"]
[BlackTeam "United Arab Emirates"]
[WhiteFideId "1501887"]
[BlackFideId "9301232"]
[EventDate "2012.08.28"]

1. e4 c5 2. Nf3 e6 3. Be2 d6 4. O-O Nf6 5. Nc3 Be7 6. d4 cxd4 7. Nxd4 O-O 8. f4
Bd7 9. e5 Ne8 10. Kh1 Nc6 11. Nxc6 Bxc6 12. Bd3 Nc7 13. Qh5 g6 14. Qe2 d5 15.
Bd2 Qd7 16. Rae1 f5 17. exf6 Bxf6 18. Nd1 Rae8 19. Ne3 Bxb2 20. Bb4 Rf7 21. c3
a5 22. Bxa5 Ba3 23. Ng4 Rff8 24. Qe5 Rf7 25. Nh6+ Kf8 26. Nxf7 1-0

[Event "40th Olympiad Open"]
[Site "Istanbul TUR"]
[Date "2012.09.09"]
[Round "11.32"]
[Board "4"]
[White "Khouri, Ibrahim Mohamed"]
[Black "Moen, Andreas"]
[Result "0-1"]
[WhiteTitle "FM"]
[BlackTitle "FM"]
[WhiteElo "2228"]
[BlackElo "2348"]
[WhiteTeam "United Arab Emirates"]
[BlackTeam "Norway"]
[WhiteFideId "9301526"]
[BlackFideId "1501453"]
[EventDate "2012.08.28"]

1. e4 e5 2. Nf3 Nc6 3. Bb5 a6 4. Ba4 Nf6 5. d3 Bc5 6. O-O d6 7. c3 O-O 8. Nbd2
Ba7 9. Re1 Ng4 10. Re2 Ne7 11. h3 Nf6 12. Nf1 Nh5 13. d4 Ng6 14. Bg5 f6 15. Bb3+
Kh8 16. Be3 Ngf4 17. Bxf4 Nxf4 18. Re1 Bd7 19. Ng3 Qe8 20. Nh4 a5 21. Qd2 Qc8
22. Ne2 Ne6 23. Rad1 Ng5 24. Qd3 Qe8 25. f4 a4 26. Bc2 Qh5 27. Qg3 Ne6 28. f5
Ng5 29. Kh2 exd4 30. Nf4 Qf7 31. cxd4 Qxa2 32. Qc3 Bb6 33. Ra1 Qf7 34. Qg3 Bxd4
35. Nhg6+ hxg6 36. Qh4+ Kg8 37. fxg6 Qe8 38. Qh5 Qe5 39. g3 Rfe8 40. h4 Kf8 41.
Nd5 Nf7 42. Qh7 Bf2 43. Nf4 Bxe1 44. Rxe1 Nh6 45. Qh8+ Ng8 46. Nh5 Ke7 47. Nxg7
Qxb2 48. Re2 a3 49. Qh7 Kd8 50. Nxe8 Bxe8 51. Qxg8 a2 52. g7 a1=Q 53. Qe6 Qf1
54. Qxe8+ Kxe8 55. g8=Q+ Ke7 56. Qh7+ Ke6 57. Rg2 Qxg2+ 58. Kxg2 Qxc2+ 59. Kh3
Re8 60. h5 Qc5 61. Qg6 Kd7 62. g4 Qe3+ 63. Kh4 Qg5+ 0-1